| 000 | 02094cam a22002895a 4500 | ||
|---|---|---|---|
| 001 | L158467 | ||
| 008 | 130613s2015 xxk f 000 0 eng d | ||
| 020 | _a9781848064089 | ||
| 035 | _a(Sirsi) u158467 | ||
| 041 | 0 | _aeng | |
| 100 | 1 | _aLewry, A. | |
| 245 | 0 | 0 |
_aBridging the performance gap _bUnderstanding predicted and actual energy use of buildings |
| 260 |
_aWatford _bBRE _c2015 |
||
| 300 |
_a12p. _bill. _c30cm. |
||
| 490 | 0 |
_aBRE Information Paper _v(1/15) |
|
| 520 | _aLooks at a way to bridge a gap between predicted and actual performance of buildings, and bring together the energy performance certificate (EPC) and display energy certificate (DEC) assessments using the Green Deal Assessment tool for non-domestic buildings, which allows the input of non-standard operating conditions, hours of operation and occupancy patterns. By defining these aspects of the building 'in use', the predicted energy performance of the asset can be brought closer to the in-use reality. The non-domestic Green Deal assessment tool is based on iSBEM (www.ncm-sbem.org.uk) and has the ability to link NDEPCs and DECs. | ||
| 520 | _aSimplified Building Energy Model (SBEM) is software tool used to create a non-domestic energy performance certificate (NDEPC). It forms part of DCLG's process for implementing the EU Energy Performance of Buildings Directive (EPBD). An NDEPC can be generated using the tool iSBEM, which is the free downloadable user interface for SBEM (www.ncm.bre.co.uk). | ||
| 520 | _aOperational Rating Calculation (ORCalc) software is used to calculate the operational rating of a building from annual utility consumption. It also produces the DEC and an advisory report providing advice on energy efficiency measures. http://gov.uk/government/publications/display-energy-certificate-software-specification. | ||
| 521 | _aAdvanced | ||
| 650 | 2 | 4 | _aGREEN DEAL |
| 650 | 2 | 4 | _aENERGY PERFORMANCE CERTIFICATES |
| 650 | 2 | 4 | _aDISPLAY ENERGY CERTIFICATE |
| 650 | 2 | 4 | _aASSET AND OPERATIONAL RATINGS |
| 651 | 4 | _aENGLAND AND WALES | |
| 690 |
_aEnergy _96237 |
||
| 942 | _n0 | ||
| 999 |
_c115329 _d115329 |
||